000 01489nam a2200241Ia 4500
999 _c52618
_d52618
001 19642
003 GE_BSU
005 20200312144446.0
008 181216s1965||||ge |||||||||||||| ||geo||
040 _cGE_BSU
041 _ageo
080 _a811.353.1 თ-77
100 _aთოფურია, ვარლამ
_97713
245 _aქართული ენა და მართლწერის ზოგიერთი საკითხი :
_bენის სიწმინდის დაცვისათვის ბრძოლა, რას ნიშნავს ენის სიწმინდის და ლიტერატურული ენის ნიშან–თვისებები, ქართული ლიტერატურული ენის ჩამოყალიბების პირობები, ქართული ენის ძეგლები /
_c ვარლამ თოფურია ; რედ. გიორგი ახვლედიანი.
264 _aთბილისი :
_bნაკადული,
_c1965.
300 _a109 გვ. ;
_c19 სმ.
541 _h48თ.
653 _aქართული ენა
653 _aქართული ენის ორთოგრაფია
653 _aქართული მართლწერა
700 _a ახვლედიანი, გიორგი
_eრედაქტორი
_97714
942 _cBK
_2udc